004150000a22001090004500090001700000245010900017041001400126100003000140942001300170773010500183999001700288 aASbSeriadas10aEstudio sobre entomostraceos de Colombia VI- Paraimnadiidae, una nueva familia de Crustacea-Conchostraca0 aEspañol1 aRoessler, Ewald W.999183 cARTICULO1 tRevista de la Academia Colombiana de Ciencias Exactas, Fisicas y Naturales332h68q93-104d1991g18 c14286d14286